| Tag |
First Indicator |
Second Indicator |
Subfields |
| LEADER |
00000cam a2200000 a 4500 |
| 001 |
in00000001462 |
| 005 |
20151007050441.0 |
| 008 |
981002s1998 dcuab f f000 0 eng d |
| 035 |
|
|
|a (OCoLC)39983661
|
| 035 |
|
|
|9 AJB5404AM
|
| 037 |
|
|
|a PCN 143 000041 00
|b MC
|
| 040 |
|
|
|a DGPO
|c DGPO
|d DLC
|d MvI
|d UtOrBLW
|
| 043 |
|
|
|a n-us---
|
| 049 |
|
|
|a UMIC
|
| 074 |
|
|
|a 0384-A-10
|
| 086 |
0 |
|
|a D 214.9/7:3-35.7
|
| 110 |
1 |
|
|a United States.
|b Marine Corps.
|
| 245 |
1 |
0 |
|a MAGTF, meteorological and oceanographic support.
|
| 264 |
|
1 |
|a [Washington, D.C.] :
|b The Corps,
|c [1998]
|
| 300 |
|
|
|a 1 volume (various pagings) :
|b illustrations, map ;
|c 28 cm.
|
| 336 |
|
|
|a text
|b txt
|2 rdacontent
|
| 337 |
|
|
|a unmediated
|b n
|2 rdamedia
|
| 338 |
|
|
|a volume
|b nc
|2 rdacarrier
|
| 490 |
1 |
|
|a MCWP ;
|v 3-35.7
|
| 500 |
|
|
|a Cover title.
|
| 500 |
|
|
|a Shipping list number: 98-0373-P.
|
| 500 |
|
|
|a "30 June 1998"--1st prelim. p.
|
| 500 |
|
|
|a Includes bibliographical references (appendix B).
|
| 610 |
1 |
0 |
|a United States.
|b Marine Corps
|x Handbooks, manuals, etc.
|
| 650 |
|
0 |
|a Street fighting (Military science)
|x Handbooks, manuals, etc.
|
| 830 |
|
0 |
|a MCWP ;
|v 3-35.7.
|
| 999 |
|
|
|a MARS
|
| 999 |
f |
f |
|s 4d2b36f5-19d5-37af-a4b5-07e10ef90ace
|i 776d047b-c718-382c-af97-73af3ad4fd71
|t 0
|
| 952 |
f |
f |
|p normal
|a Texas A&M University
|b College Station
|c Sterling C. Evans Library
|d Evans: US Documents (Annex 5th floor)
|t 0
|e D 214.9/7:3-35.7
|h Superintendent of Documents classification
|i unmediated -- volume
|m A14838318078
|
| 998 |
f |
f |
|a D 214.9/7:3-35.7
|t 0
|l Evans: US Documents (Annex 5th floor)
|